书目信息 |
| 题名: |
测量学
|
|
| 作者: | ;河北农业大学 主编 | |
| 分册: | ||
| 出版信息: | 北京 农业出版社 1979 |
|
| 页数: | 200页 | |
| 开本: | 26cm | |
| 丛书名: | ||
| 单 册: | ||
| 中图分类: | P21 | |
| 科图分类: | ||
| 主题词: | 地形测量学--高等学校 | |
| 电子资源: | ||
| ISBN: | ||
| 000 | 00655nam0 2200229 45 | |
| 001 | 0179000583 | |
| 005 | 20060419163200.06 | |
| 010 | @dCNY1.40 | |
| 091 | @aCN@b13144.197 | |
| 100 | @a19950726d1979 em y0chiy0121 ea | |
| 101 | 0 | @achi |
| 102 | @aCN@b110000 | |
| 105 | @ay z 000yy | |
| 200 | 10 | @a测量学@Ace liang xue@f河北农业大学主编@Fhe bei nong ye da xue zhu bian |
| 210 | @a北京@c农业出版社@d1979 | |
| 215 | @a200页@d26cm | |
| 300 | @a全国高等农业院校试用教材 供果树专业用 | |
| 606 | @a地形测量学@x高等学校 | |
| 690 | @aP21@v3 | |
| 711 | 0 | @a河北农业大学@Ahe bei nong ye da xue@4主编 |
| 801 | 0 | @aCN@bTSSF@c20060419 |
| 905 | @a10447@dP21@e12 | |
| 测量学/河北农业大学主编.-北京:农业出版社,1979 |
| 200页;26cm |
| 全国高等农业院校试用教材 供果树专业用 |
| ISBN :CNY1.40 |
| ● |
| 相关链接 |
|
|
|
|
正题名:测量学
索取号:P21/12
 
预约/预借
| 序号 | 登录号 | 条形码 | 馆藏地/架位号 | 状态 | 备注 |
| 1 | 0032006 | 000072316 | 密集书库/ [索取号:P21/12] | 在馆 |